<?xml version="1.0" encoding="UTF-8"?>
<record
    xmlns:xsi="http://www.w3.org/2001/XMLSchema-instance"
    xsi:schemaLocation="http://www.loc.gov/MARC21/slim http://www.loc.gov/standards/marcxml/schema/MARC21slim.xsd"
    xmlns="http://www.loc.gov/MARC21/slim">

  <leader>00412nam a2200145Ia 4500</leader>
  <controlfield tag="008">230718s9999    xx            000 0 und d</controlfield>
  <datafield tag="041" ind1=" " ind2=" ">
    <subfield code="a">eng</subfield>
  </datafield>
  <datafield tag="082" ind1=" " ind2=" ">
    <subfield code="a">155.418</subfield>
    <subfield code="b">COO</subfield>
  </datafield>
  <datafield tag="100" ind1=" " ind2=" ">
    <subfield code="a">Cooper J.</subfield>
    <subfield code="9">144500</subfield>
  </datafield>
  <datafield tag="245" ind1=" " ind2=" ">
    <subfield code="a">Getting On With Others</subfield>
    <subfield code="b">How To Teach Your Child Essential Social Skills</subfield>
  </datafield>
  <datafield tag="260" ind1=" " ind2=" ">
    <subfield code="b">Macmillan</subfield>
  </datafield>
  <datafield tag="365" ind1=" " ind2=" ">
    <subfield code="c">Rs.</subfield>
    <subfield code="b">195.00</subfield>
  </datafield>
  <datafield tag="700" ind1=" " ind2=" ">
    <subfield code="a">Cooper J.</subfield>
    <subfield code="9">144500</subfield>
  </datafield>
  <datafield tag="906" ind1=" " ind2=" ">
    <subfield code="d">B:511215-Jul-2008</subfield>
    <subfield code="c">OTH</subfield>
    <subfield code="b">39</subfield>
  </datafield>
  <datafield tag="999" ind1=" " ind2=" ">
    <subfield code="c">319263</subfield>
    <subfield code="d">319263</subfield>
  </datafield>
  <datafield tag="952" ind1=" " ind2=" ">
    <subfield code="0">0</subfield>
    <subfield code="1">0</subfield>
    <subfield code="4">0</subfield>
    <subfield code="7">0</subfield>
    <subfield code="a">CCEP</subfield>
    <subfield code="b">CCEP</subfield>
    <subfield code="d">2008-10-04</subfield>
    <subfield code="e">Tbs</subfield>
    <subfield code="f">OTH</subfield>
    <subfield code="g">156.00</subfield>
    <subfield code="i">5112</subfield>
    <subfield code="l">0</subfield>
    <subfield code="o">155.418</subfield>
    <subfield code="p">CCEP-BK-30470</subfield>
    <subfield code="r">2023-07-18 00:00:00</subfield>
    <subfield code="t">39</subfield>
    <subfield code="v">195.00</subfield>
    <subfield code="w">2008-07-15</subfield>
    <subfield code="y">BK</subfield>
    <subfield code="z">030470</subfield>
  </datafield>
</record>
